Tribhuvan University Central Library

Environmental Impact Assessment(EIA) of upgrading of Kakarbhitta- Laukahi road (120 KM) Jhapa ,Morong and Sunsari district, Province -1, Nepal (Record no. 109362)

MARC details
000 -LEADER
fixed length control field 00578nam a22001457a 4500
008 - FIXED-LENGTH DATA ELEMENTS--GENERAL INFORMATION
fixed length control field 230521b |||||||| |||| 00| 0 eng d
082 ## - DEWEY DECIMAL CLASSIFICATION NUMBER
Classification number 625.78/F76eK
110 ## - MAIN ENTRY--CORPORATE NAME
Corporate name or jurisdiction name as entry element Nepal. Ministry of Forests and Environment (MOFE)
245 ## - TITLE STATEMENT
Title Environmental Impact Assessment(EIA) of upgrading of Kakarbhitta- Laukahi road (120 KM) Jhapa ,Morong and Sunsari district, Province -1, Nepal
260 ## - PUBLICATION, DISTRIBUTION, ETC.
Place of publication, distribution, etc. Kathmandu:
Name of publisher, distributor, etc. Project Directorate (ADB),
Date of publication, distribution, etc. 2023
300 ## - PHYSICAL DESCRIPTION
Other physical details xlix,210p.; illus.
504 ## - BIBLIOGRAPHY, ETC. NOTE
Bibliography, etc. note Bibliography: 208- 209
650 ## - SUBJECT ADDED ENTRY--TOPICAL TERM
Topical term or geographic name entry element Environmental Impact Assessment- Road
942 ## - ADDED ENTRY ELEMENTS (KOHA)
Source of classification or shelving scheme Dewey Decimal Classification
Koha item type N
Holdings
Withdrawn status Lost status Source of classification or shelving scheme Damaged status Not for loan Home library Current library Date acquired Total Checkouts Full call number Barcode Date last seen Price effective from Koha item type
    Dewey Decimal Classification     Tribhuvan University Central Library Tribhuvan University Central Library 05/21/2023   625.78/F76eK G89518 05/21/2023 05/21/2023 N